000 00322nam a2200133Ia 4500
008 240624s9999 xx 000 0 und d
041 _aeng
082 _a823 CHO
100 _aCHOPRA DEEPAK
245 _aSOULMATE A LOVE STORY
260 _c2012
_aNew Delhi
_bHay House
300 _a290 : p. : cm. ; 20
365 _cRS
_b25
999 _c20010
_d20010